Statistics for Planets

Click here to take the quiz!

General Stats

  • This quiz has been taken 7 times
  • The average score is 7 of 15

Answer Stats

HintAnswer% Correct
Medium - Paaliaq is NOT a moon of Jupiter - True or False?True
100%
Medium - T or F Voyager 1 reached the End of the Asteroid Belt before Voyager 2True
100%
Hard - True or False? Mars will have rings somedayTrue
100%
Easy - How many times larger is Jupiter Compared to Earth11
75%
Hard - When the first ice giants formed, there were _ of them4
75%
Easy - True or False? Earth is the only planet that has ever had waterFalse
75%
Medium - Earth has had in alien land on it on the continent ofNorth America
50%
Easy - Neptune captured a dwarf planet as a moon namedTriton
50%
Easy - Saturn’s moon _____ is the first moon in alphabetical orderAegaeon
25%
Hard - Mercury used to be in the _______ zoneHabitable
25%
Hard - Triton will one day become a _____ systemRing
25%
Easy - Saturn’s moon _____ is the last moon in alphabetical orderYmir
25%
Medium - Pioneer 10 encountered Jupiter in1973
0%
Hard - Larissa is a moon of a(n) ___ GiantIce
0%
Medium - Phobos 2 lost what before landing on PhobosSignal
0%

Score Distribution

Percentile by Number Answered

Percent of People with Each Score

Your Score History

You have not taken this quiz